000 00702nam a22001935i 4500
001 156579
003 ES-MaACL
005 20230906210439.0
008 040802s1875 gw |||| | eng d
040 _aCAM
_bspa
_cCAM
100 1 _aKeary, Annie.
_9128435
245 1 0 _aCastle Daly
_b: the story of an irish home thirty years ago /
_cby Annie Keary.
260 _aLeipzig :
_bBernhard Tauchnitz,
_c1875.
300 _a2 v. (336; 318 p.) ;
_c16 cm.
490 1 _aCollection of british authors ;
_v1547; 1548
830 0 _aCollection of british authors ;
_v1547; 1548
_9180703
852 _aES-MaACL
_jG-11758
_z-- Enc. hol. conservando las cub. originales
_z-- 2 t. en 1 v.
999 _c156579
_d156579